|
|
|
|
| LEADER |
02812nam a2200661 a 4500 |
| 001 |
nkc20112256390 |
| 003 |
CZ PrNK |
| 005 |
20200318141233.0 |
| 007 |
ta |
| 008 |
120126s2011 xr ach e 000 0dcze |
| 015 |
|
|
|a cnb002256390
|
| 020 |
|
|
|a 978-80-260-1155-2
|q (brož.)
|
| 035 |
|
|
|a (OCoLC)780138396
|
| 040 |
|
|
|a ABA001
|b cze
|
| 043 |
|
|
|a e-cs---
|a e-xr---
|
| 045 |
|
|
|a x3x4
|
| 072 |
|
7 |
|a 94(437)
|x Dějiny Česka a Slovenska
|2 Konspekt
|9 8
|
| 080 |
|
|
|a 94(437.311)"1942"
|2 MRF
|
| 080 |
|
|
|a 355.469.3(437)"1941/1942"
|2 MRF
|
| 080 |
|
|
|a 323.25/.26:329.18
|2 MRF
|
| 080 |
|
|
|a 94(100)"1939/1945"
|2 MRF
|
| 080 |
|
|
|a (437)
|2 MRF
|
| 080 |
|
|
|a (430)
|2 MRF
|
| 080 |
|
|
|a (437.3)
|2 MRF
|
| 080 |
|
|
|a (084.12)
|2 MRF
|
| 080 |
|
|
|a (093)
|2 MRF
|
| 100 |
1 |
|
|a Svitáková, Jindra,
|d 1957-
|7 mzk2010577025
|4 aut
|
| 245 |
1 |
0 |
|a 70. výročí operace Anthropoid :
|b atentát na Heydricha - nejvýznamnější odbojový čin 2. světové války /
|c zpracovala Jindra Svitáková na motivy knih Jaroslava Čvančary Někomu život, někomu smrt a Heydrich
|
| 246 |
3 |
|
|a Sedmdesáté výročí operace Anthropoid
|
| 250 |
|
|
|a 1. vyd.
|
| 260 |
|
|
|a [Praha] :
|b ANLeT,
|c 2011
|
| 300 |
|
|
|a 47 s. :
|b il., portréty, faksim. ;
|c 30 cm
|
| 600 |
1 |
7 |
|a Heydrich, Reinhard,
|d 1904-1942
|7 jn20000700709
|2 czenas
|
| 648 |
|
7 |
|a 1942
|7 ch967356
|2 czenas
|
| 648 |
|
7 |
|a 1939-1945
|7 ch460653
|2 czenas
|
| 650 |
0 |
7 |
|a atentát na Heydricha (1942 : Praha, Česko)
|7 ph567498
|2 czenas
|
| 650 |
0 |
7 |
|a operace Anthropoid (1941-1942)
|7 ph685867
|2 czenas
|
| 650 |
0 |
7 |
|a protifašistický odboj
|7 ph115901
|z Československo
|y 1939-1945
|2 czenas
|
| 650 |
0 |
7 |
|a druhá světová válka (1939-1945)
|7 ph117270
|z Československo
|2 czenas
|
| 650 |
0 |
9 |
|a assassination of Reinhard Heydrich (1942 : Prague, Czechia)
|2 eczenas
|
| 650 |
0 |
9 |
|a Operation Anthropoid (1941-1942)
|2 eczenas
|
| 650 |
0 |
9 |
|a anti-fascist movements
|z Czechoslovakia
|y 1939-1945
|2 eczenas
|
| 650 |
0 |
9 |
|a World War (1939-1945)
|z Czechoslovakia
|2 eczenas
|
| 651 |
|
7 |
|a Protektorát Čechy a Morava (1939-1945)
|7 ge137396
|2 czenas
|
| 651 |
|
9 |
|a Bohemia and Moravia (Protectorate, 1939-1945)
|2 eczenas
|
| 655 |
|
7 |
|a fotografické publikace
|7 fd132276
|2 czenas
|
| 655 |
|
7 |
|a dokumenty
|7 fd132064
|2 czenas
|
| 655 |
|
9 |
|a photographical works
|2 eczenas
|
| 655 |
|
9 |
|a documents
|2 eczenas
|
| 700 |
1 |
2 |
|a Čvančara, Jaroslav,
|d 1948-
|t Někomu život, někomu smrt
|
| 700 |
1 |
2 |
|a Čvančara, Jaroslav,
|d 1948-
|t Heydrich
|
| 910 |
2 |
|
|a BOA001
|b 4-1279.715
|
| 928 |
9 |
|
|a Asociace nositelů legionářských tradic
|
| 990 |
|
|
|a BK
|
| 995 |
|
|
|a 01
|
| 991 |
|
|
|b 201202
|c NOV
|e n
|
| 996 |
6 |
|
|b 2610501282
|c 4-1279.715
|l MZK
|r Sklad / do 1 hodiny
|n 3
|p p.v.
|w 001225901
|u 000010
|a 1
|e BOA001
|j MZK50
|s P
|
| 996 |
7 |
|
|b 2610519007
|c 4-1279.715
|l MZK
|r Sklad / do 1 hodiny
|n 12
|p dar
|w 001225901
|u 000020
|a 1
|e BOA001
|j MZK50
|s A
|